Ako prišla Rada - do Karlína...

Bibliographic Details
Main Author: Litschauerová, Nina, 1924-2001 (Author)
Format: Article
Language:Slovak
PhysicalDescription:Obr. 4.
Subjects:

MARC

LEADER 00000nab a2200000 a 4500
001 vtls000284689
003 SK-MaSNL
005 20260303195822.0
008 040806c1987 xo 0 slo
015 |a SNBRB19rr/mm-uuuuu 
035 |a CL0294807 
040 |a SNKBUCL  |b slo  |c SNKBUCL  |e AACR2 
041 0 |a slo 
044 |a xo  |c SK 
080 |a 792.5  |2 1981 
100 1 |a Litschauerová, Nina,  |d 1924-2001  |4 aut  |9 5081 
245 1 0 |a Ako prišla Rada - do Karlína...  |c Nina Litschauerová 
300 |b Obr. 4. 
600 1 7 |a Doga, Eugeniu,  |d 1937-  |t Cigáni idú do neba  |2 snkbucl  |9 1206493 
600 1 7 |a Uzelac, Milivoj,  |d 1919-1988  |t Cigáni idú do neba  |2 snkbucl  |9 1206494 
610 2 7 |a Divadlo Semafor  |2 snkbucl  |9 207288 
630 0 7 |a Cigáni idú do neba (muzikál)  |2 snkbucl  |9 29732 
650 0 7 |a muzikály  |2 snkbucl  |9 3332 
655 7 |a recenzie  |2 snkbucl  |9 21907 
655 7 |a články z novín a časopisov  |2 snkbucl  |9 267496 
773 0 |t Svet socializmu  |g Č. 25 (1987), s. 14-15 
850 |a Slovenská národná knižnica v Martine  |a MTA001 
852 |a SNK  |b KIS3GCP 
999 |c 2165034  |d 2166964